Statistics for Countries By Flag Clues

Click here to take the quiz!

General Stats

  • This quiz has been taken 19 times
  • The average score is 8 of 13

Answer Stats

ClueCountry% Correct
Blue Nordic cross on white backgroundFinland
94%
A tricolor flag with a eagle holding a serpentMexico
82%
Tricolor horizontal strips of red, white and cobalt blueNetherlands
82%
Horizontal bands of blue and red, with a Angkor Wat in the middleCambodia
76%
Flag with "There is no god but Allah; Muhammad is the Messenger of Allah" printed in whiteSaudi Arabia
76%
Flag depicting a AK-47 with a bayonet attached to the barrelMozambique
71%
Flag of an eight-rayed sun under a red fieldMacedonia
65%
Flag of a yellow lion passant holding a swordSri Lanka
65%
A black, red, green tricolor flag with the nation's national emblem in the centerAfghanistan
59%
Pan-Arab flag colors with two green stars in the middleSyria
59%
Red and orange background with a Druk holding four norbusBhutan
35%
Four color strips with a green chevron containing a white cresent and four starsComoros
24%
Two horizontal red strips of red with a yellow star and crescent in the green backgroundMauritania
12%

Score Distribution

Percentile by Number Answered

Percent of People with Each Score

Your Score History

You have not taken this quiz